01620nam a2200373Ia 4500001001200000003000800012006001900020007001500039008004100054010001700095020003500112040002100147035002100168050002600189082001400215245015300229260011600382300001600498490004700514490006400561504005100625533015200676650004500828650001900873650002900892655002900921700002100950700001600971710001700987830004801004830005301052856012601105999001501231ebr10005684CaPaEBRm u cr cn|||||||||000922s2001 ctu sb 001 0 eng d z 00049088  z0313317682 (v. 4 : alk. paper) aCaPaEBRcCaPaEBR a(OCoLC)61464166714aHT395.D44bE58 2001eb04a338.922100aEnvironmental management, poverty reduction, and sustainable regional developmenth[electronic resource] /cedited by James E. Nickum and Kenji Oya. aWestport, Conn. :bGreenwood Press ;a[Nagoya, Japan] :bUnited Nations Centre for Regional Development,c2001. av-x, 194 p.1 aNew regional development paradigms ;vv. 41 aContributions in economics and economic history,x0084-9235 aIncludes bibliographical references and index. aElectronic reproduction.bPalo Alto, Calif. :cebrary,d2011.nAvailable via World Wide Web.nAccess may be limited to ebrary affiliated libraries. 0aRegional planningzDeveloping countries. 0aGlobalization. 0aSustainable development. 7aElectronic books.2local1 aNickum, James E.1 aOya, Kenji.2 aebrary, Inc. 0aNew regional development paradigms ;vv. 4. 0aContributions in economics and economic history.40uhttp://site.ebrary.com/lib/rucke/Doc?id=10005684zAn electronic book accessible through the World Wide Web; click to view c3390d3390